Detalles MARC
| 000 -CABECERA |
| campo de control de longitud fija |
01355nam a2200205 a 4500 |
| 001 - NÚMERO DE CONTROL |
| campo de control |
000047151 |
| 005 - FECHA Y HORA DE LA ÚLTIMA TRANSACCIÓN |
| campo de control |
20201002053411.0 |
| 008 - DATOS DE LONGITUD FIJA--INFORMACIÓN GENERAL |
| campo de control de longitud fija |
180417s2017 dr abc 000 0 spa d |
| 020 ## - NÚMERO INTERNACIONAL ESTÁNDAR DEL LIBRO |
| Número Internacional Estándar del Libro |
9789945124583 |
| 040 ## - FUENTE DE LA CATALOGACIÓN |
| Centro catalogador/agencia de origen |
DO-SdBNP |
| Lengua de catalogación |
spa |
| Centro/agencia transcriptor |
BNPHU |
| 082 ## - NÚMERO DE LA CLASIFICACIÓN DECIMAL DEWEY |
| Número de clasificación |
xxxx |
| Número de documento/Ítem |
xxxx |
| 100 1# - ENTRADA PRINCIPAL--NOMBRE DE PERSONA |
| Nombre de persona |
Espinal, Lidia M. Joaquín |
| 9 (RLIN) |
74937 |
| 245 10 - MENCIÓN DE TÍTULO |
| Título |
Ciencias sociales 3 : |
| Resto del título |
secundaria / |
| Mención de responsabilidad, etc. |
Lidia M. Joaquín Espinal. |
| 260 ## - PUBLICACIÓN, DISTRIBUCIÓN, ETC. |
| Lugar de publicación, distribución, etc. |
Santo Domingo : |
| Nombre del editor, distribuidor, etc. |
Susaeta, |
| Fecha de publicación, distribución, etc. |
2017. |
| 300 ## - DESCRIPCIÓN FÍSICA |
| Extensión |
240 p. : |
| Otras características físicas |
il., retrs. ; |
| Dimensiones |
29 cm. |
| 500 ## - NOTA GENERAL |
| Nota general |
Enfoque por competencias nuevo currículo |
| 504 ## - NOTA DE BIBLIOGRAFÍA, ETC. |
| Nota de bibliografía, etc. |
Bibliografía : p. 239-240 |
| 505 0# - NOTA DE CONTENIDO CON FORMATO |
| Nota de contenido con formato |
Latinoamerica: expansionismo y hegemonia estadounidenses 1900-1930 -- |
| Título |
Guerra hispano-norteamericana (1895-1898) -- |
| -- |
America en el marco de la Primera Guerra Mundial -- |
| -- |
Estados Unidos interviene en los paises del Caribe -- |
| -- |
La revolucción mexicana -- |
| -- |
República oligárquicas y regimenes autoritarios -- |
| -- |
Sociedad pensamiento y cultura -- |
| -- |
Segunda guerra mundial. Hegemonía de los Estados Unidos -- |
| -- |
La revolución cubana y sus repercuciones -- |
| -- |
La guerra fría en América Latina: dictaduras y regímenes de seguridad nacional, derechos humanos -- |
| -- |
Crisis económica y cambios en la política de los Estados Unidos hacia América Latina -- |
| -- |
Los restos del presente latinoamericano en la época de la globalizacion. |
| 590 ## - NOTA LOCAL (RLIN) |
| Nota local |
Inventariado, 2018/LP |